Phương pháp dạy học lịch sử

Nội dung sách bao gồm: Phương pháp dạy học Lịch sử với tư cách là một khoa học; chức năng, nhiệm vụ bộ môn Lịch sử ở trường THPT; hệ thống phương pháp dạy học Lịch sử; các hình thức, phương pháp dạy học Lịch sử ở trường THPT; đánh g...

詳細記述

保存先:
書誌詳細
第一著者: Phan, Ngọc Liên
フォーマット: 図書
言語:Undetermined
出版事項: Hà Nội Đại học Sư phạm 2009
主題:
タグ: タグ追加
タグなし, このレコードへの初めてのタグを付けませんか!
Thư viện lưu trữ: Trung tâm Học liệu Trường Đại học Cần Thơ
LEADER 01056nam a2200217Ia 4500
001 CTU_150446
008 210402s9999 xx 000 0 und d
020 |c 43000 
082 |a 372.89 
082 |b L305/T.1 
100 |a Phan, Ngọc Liên 
245 0 |a Phương pháp dạy học lịch sử 
245 0 |c Phan Ngọc Liên (chủ biên), Trịnh Đình Tùng, Nguyễn Thị Côi 
260 |a Hà Nội 
260 |b Đại học Sư phạm 
260 |c 2009 
520 |a Nội dung sách bao gồm: Phương pháp dạy học Lịch sử với tư cách là một khoa học; chức năng, nhiệm vụ bộ môn Lịch sử ở trường THPT; hệ thống phương pháp dạy học Lịch sử; các hình thức, phương pháp dạy học Lịch sử ở trường THPT; đánh giá, kiểm tra. 
650 |a History,Lịch sử 
650 |x Study and teaching,Dạy và học 
904 |i Ái 
980 |a Trung tâm Học liệu Trường Đại học Cần Thơ